Detection of DNA of plant pathogenic mycoplasmalike organisms by aPolymerase Chain Reaction that amplifies a sequence of the 16SrRNA gene (Record no. 56852)

MARC details
000 -LEADER
fixed length control field 00412nam a2200133Ia 4500
100 ## - MAIN ENTRY--AUTHOR NAME
Personal name Ahrens U
245 #0 - TITLE STATEMENT
Title Detection of DNA of plant pathogenic mycoplasmalike organisms by aPolymerase Chain Reaction that amplifies a sequence of the 16SrRNA gene
260 ## - PUBLICATION, DISTRIBUTION, ETC. (IMPRINT)
Name of publisher Phytopathology
Year of publication 1992
300 ## - PHYSICAL DESCRIPTION
Number of Pages 828-31
650 ## - SUBJECT ADDED ENTRY--TOPICAL TERM
Topical Term PCR
700 ## - ADDED ENTRY--PERSONAL NAME
Personal name Hanna W W
942 ## - ADDED ENTRY ELEMENTS (KOHA)
Koha item type Journals
Holdings
Withdrawn status Lost status Damaged status Not for loan Home library Current library Date acquired Serial Enumeration / chronology Koha item type
      Journals RRII Library RRII Library 17/12/2021 Volume 82, Issue 8 Journals